<?xml version="1.0" encoding="UTF-8"?><?xml-stylesheet type="text/xsl" href="static/style.xsl"?><OAI-PMH xmlns="http://www.openarchives.org/OAI/2.0/" xmlns:xsi="http://www.w3.org/2001/XMLSchema-instance" xsi:schemaLocation="http://www.openarchives.org/OAI/2.0/ http://www.openarchives.org/OAI/2.0/OAI-PMH.xsd"><responseDate>2026-04-13T13:10:14Z</responseDate><request verb="GetRecord" identifier="oai:www.recercat.cat:2445/98250" metadataPrefix="marc">https://recercat.cat/oai/request</request><GetRecord><record><header><identifier>oai:recercat.cat:2445/98250</identifier><datestamp>2025-12-04T19:36:57Z</datestamp><setSpec>com_2072_1057</setSpec><setSpec>col_2072_478813</setSpec><setSpec>col_2072_478917</setSpec></header><metadata><record xmlns="http://www.loc.gov/MARC21/slim" xmlns:dcterms="http://purl.org/dc/terms/" xmlns:xsi="http://www.w3.org/2001/XMLSchema-instance" xmlns:doc="http://www.lyncode.com/xoai" xsi:schemaLocation="http://www.loc.gov/MARC21/slim http://www.loc.gov/standards/marcxml/schema/MARC21slim.xsd">
   <leader>00925njm 22002777a 4500</leader>
   <datafield ind2=" " ind1=" " tag="042">
      <subfield code="a">dc</subfield>
   </datafield>
   <datafield ind2=" " ind1=" " tag="720">
      <subfield code="a">Navarro Reig, Meritxell</subfield>
      <subfield code="e">author</subfield>
   </datafield>
   <datafield ind2=" " ind1=" " tag="720">
      <subfield code="a">Núñez Burcio, Oscar</subfield>
      <subfield code="e">author</subfield>
   </datafield>
   <datafield ind2=" " ind1=" " tag="720">
      <subfield code="a">Saurina, Javier</subfield>
      <subfield code="e">author</subfield>
   </datafield>
   <datafield ind2=" " ind1=" " tag="720">
      <subfield code="a">Hernández Cassou, Santiago</subfield>
      <subfield code="e">author</subfield>
   </datafield>
   <datafield ind2=" " ind1=" " tag="720">
      <subfield code="a">Puignou i Garcia, Lluís</subfield>
      <subfield code="e">author</subfield>
   </datafield>
   <datafield ind2=" " ind1=" " tag="260">
      <subfield code="c">2016-05-04T09:46:32Z</subfield>
   </datafield>
   <datafield ind2=" " ind1=" " tag="260">
      <subfield code="c">2016-05-04T09:46:32Z</subfield>
   </datafield>
   <datafield ind2=" " ind1=" " tag="260">
      <subfield code="c">2014-01-16</subfield>
   </datafield>
   <datafield ind2=" " ind1=" " tag="260">
      <subfield code="c">2016-05-04T09:46:37Z</subfield>
   </datafield>
   <datafield ind2=" " ind1=" " tag="520">
      <subfield code="a">Capillary zone electrophoresis (CZE) and high performance liquid chromatography (HPLC) were applied to the authentication of fruit products based on the compositional profiles of polyphenols. Various sample treatments were used to maximize the overall recovery of polyphenols or specific fractions, such as phenolic acids or anthocyanins. The resulting CZE and HPLC data were treated with Principal Component Analysis (PCA) showing that samples were mainly clustered according to the fruit of origin, with cranberry- and grape-based products clearly separated in groups. A possible adulterated cranberry extract was analyzed more deeply by high resolution mass spectrometry (HRMS) in order to identify the presence of A-type proanthocyanidins, which are characteristic and more abundant in cranberry-based products. In accordance with PCA interpretation, HRMS results indicated that the suspicious sample was not a cranberry-based product, allowing us to validate and demonstrate the suitability of both CZE- and HPLC-proposed methods for the characterization of fruit-based products.</subfield>
   </datafield>
   <datafield tag="653" ind2=" " ind1=" ">
      <subfield code="a">Polifenols</subfield>
   </datafield>
   <datafield tag="653" ind2=" " ind1=" ">
      <subfield code="a">Electroforesi capil·lar</subfield>
   </datafield>
   <datafield tag="653" ind2=" " ind1=" ">
      <subfield code="a">Cromatografia de líquids</subfield>
   </datafield>
   <datafield tag="653" ind2=" " ind1=" ">
      <subfield code="a">Polyphenols</subfield>
   </datafield>
   <datafield tag="653" ind2=" " ind1=" ">
      <subfield code="a">Capillary electrophoresis</subfield>
   </datafield>
   <datafield tag="653" ind2=" " ind1=" ">
      <subfield code="a">Liquid chromatography</subfield>
   </datafield>
   <datafield ind2="0" ind1="0" tag="245">
      <subfield code="a">Characterization of fruit products by capillary zone electrophoresis and liquid chromatography using the compositional profiles of polyphenols. Application to authentication of natural extracts</subfield>
   </datafield>
</record></metadata></record></GetRecord></OAI-PMH>